000 01509nam a2200385Ia 4500
003 CO-BoRNBP
005 20230412221419.0
007 ta
008 121119s 2014ck a 000 f und d
020 _a9789585882812
040 _aCO-BoRNBP
_bspa
_erda
_cCO-BoRNBP
041 0 _aspa
084 _aN MIRA-E-BOOK
100 1 0 _aMiranda, Álvaro
_d1945-
_91200
245 1 3 _aLa risa del cuervo
_cÁlvaro Miranda
250 _a1a. edición
264 _aBogotá
_bBiblioteca Nacional
_c2014
300 _a1 recurso en linea : archivo de texto : HTML
336 _atexto
_btxt
_2rdacontent
337 _asin mediación
_bn
_2rdamedia
338 _avolumen
_bnc
_2rdacarrier
490 _aBiblioteca Virtual. Lecturas del Caribe
490 _aLiteratura infantil
490 _aPlan Nacional de Lectura y Escritura Leer es mi Cuento
500 _aArchivo digital Epub
500 _aLecturas de las regiones
586 _aPremio de las Artes y las Ciencias de Buenos Aires (1983) y Premio Gómez Valderrama de Colcultura (1992).
650 1 4 _2LEMB
_aNovela colombiana
_ySiglo XX
_9426
650 1 4 _2LEMB
_aNovela histórica colombiana
_ySiglo XX
_91201
650 1 4 _2LEMB
_aLiteratura colombiana
_z
_ySiglo XX
_91202
700 1 0 _aPiñeres de la Ossa, Dora
_eeditor
_91203
700 1 0 _aSantos García, Emiro
_eeditor
_91204
856 _uhttp://190.216.196.135:8430/SingleSignOn/Login.aspx?OBJETO=La_risa_del_cuervo__Alvaro_Miranda.epub&PP=1&CR=AutoresCaribe_finales
_zAcceso web
942 _cLIBELEC
999 _c9386
_d9386